000 00561nam a2200181Ia 4500
003 GCL
008 140319s9999 xx 000 0 ara d
040 _aGCL /
_cGCL
082 0 4 _a415.1
_bش ن
100 1 _aشعبان عوض محمد العبيدى
245 1 0 _aالنحو بين القاعدة والسليقة /
_cشعبان عوض محمد العبيدى
260 _a[S.N] :
_bالفنية للطباعة والنشر ،
_c1993
300 _a130 ص
490 _a
650 0 4 _aالنحو
650 0 4 _aاللغة العربية
942 _2ddc
_cBK
999 _c32333
_d32333